01263cam a22003614i 4500003000900000005001700009008004100026020001500067035002700082040003300109082001900142100002800161245010700189264005400296300003800350336002100388337002500409338002300434505026500457526001000722526001000732526001000742526001000752526000800762526000800770526000800778526000800786526000800794526000800802526000800810650005500818650002800873PE-LiUPU20250731173530.0150616s r 000 0 d a0802838022 a(Sirsi) i9780802838025 aPE-LiUPUbspacPE-LiUPUerda04a264.2bG252211 aGariepy, Henry,eautor.10aSongs in the night :binspiring stories behind 100 hymns born in trial and suffering /cHenry Gariepy. 1aMichigan :bW. B. Eerdmans Publishing Co.,c1996. a254 páginas ;c23 centímetros atext2rdacontent aunmediated2rdamedia avolume2rdacarrier0 aSongs of faith.- Songs of prayer.- Songs of salvation.- Songs of the cross.- Songs of devotion.- Songs of testimony.- Fanny crosby - queen of sacred song.- Songs of service.- Songs of life after death.- Songs of history.- Songs in the Bible.- Songs of an army. aSEG42 aSEG41 aSEG40 aSEG39 aP94 aP87 aP86 aP85 aP77 aP76 aP3504aHimnos religiososxInglésvHistoria y crítica.04aHimnosxUso devocional.